Survival and growth (Record no. 30926)

MARC details
000 -LEADER
fixed length control field 00295nam a2200121Ia 4500
082 ## - DEWEY DECIMAL CLASSIFICATION NUMBER
Classification number 065.011
Item number COH
100 ## - MAIN ENTRY--AUTHOR NAME
Personal name Cohn, Theodore
245 #0 - TITLE STATEMENT
Title Survival and growth
260 ## - PUBLICATION, DISTRIBUTION, ETC. (IMPRINT)
Place of publication New York
Name of publisher Mentor
Year of publication 1978
700 ## - ADDED ENTRY--PERSONAL NAME
Personal name Lindberg, Roy A
942 ## - ADDED ENTRY ELEMENTS (KOHA)
Koha item type Books
Holdings
Withdrawn status Lost status Damaged status Not for loan Home library Current library Date acquired Cost, normal purchase price Full call number Accession Number Koha item type
        RRII Library RRII Library 16/12/2021 19.58 065.011 COH 11482 Books